Life and vision of vedic seers 2 Dirghatamas (Record no. 2768)

MARC details
000 -LEADER
fixed length control field 00841 a2200241 4500
003 - CONTROL NUMBER IDENTIFIER
control field dpl
005 - DATE AND TIME OF LATEST TRANSACTION
control field 20090604135432.0
008 - FIXED-LENGTH DATA ELEMENTS--GENERAL INFORMATION
fixed length control field 090604t xxu||||| |||| 00| 0 eng d
010 ## - LIBRARY OF CONGRESS CONTROL NUMBER
LC control number ENG-85501
020 ## - INTERNATIONAL STANDARD BOOK NUMBER
Terms of availability 550.00
International Standard Book Number 8187471301
035 ## - SYSTEM CONTROL NUMBER
System control number EN-69034
037 ## - SOURCE OF ACQUISITION
Source of stock number/acquisition D.B.Act / Pub
040 ## - CATALOGING SOURCE
Transcribing agency dpl
082 ## - DEWEY DECIMAL CLASSIFICATION NUMBER
Classification number 230.35
100 ## - MAIN ENTRY--PERSONAL NAME
Personal name Satya Prakash Singh
245 ## - TITLE STATEMENT
Title Life and vision of vedic seers 2 Dirghatamas
Statement of responsibility, etc by Satya Prakash Singh
260 ## - PUBLICATION, DISTRIBUTION, ETC. (IMPRINT)
Place of publication, distribution, etc New Delhi
Name of publisher, distributor, etc Standard Publishers
Date of publication, distribution, etc 2006
270 ## - ADDRESS
Address G-126/2, Street No. 26, Rajapuri Main Road, Uttam Nagar
City New Delhi
Postal code 110 059
Telephone number 91-011-25415043
Fax number 91-011-25635908
Electronic mail address Sr_allbook@vsnl.net
300 ## - PHYSICAL DESCRIPTION
Extent 217 p.
Dimensions 23 cm (Hb.)
500 ## - GENERAL NOTE
General note Includes index
942 ## - ADDED ENTRY ELEMENTS (KOHA)
Institution code [OBSOLETE] dp
Koha item type English Books
Call number prefix 230.35 / SAT
Source of classification or shelving scheme Dewey Decimal Classification
Holdings
Withdrawn status Lost status Source of classification or shelving scheme Damaged status Not for loan Collection code Home library Current library Source of acquisition Cost, normal purchase price Total Checkouts Full call number Barcode Date last seen Copy number Uniform Resource Identifier Cost, replacement price Price effective from Koha item type
    Dewey Decimal Classification   Not For Loan Non-fiction D.B.Act.Division D.B.Act.Division DBAD/PUB 550.00   230.35 SAT EN-69034 15/09/2008 1 2958 550.00 15/09/2008 English Books

© Delhi Public Library
Hit Counter
free hit counter